[Event "Hampstead op U2200 12"]
[Site "Hampstead"]
[Date "2013.12.21"]
[Round "2"]
[White "Barasi, Paul Dl"]
[Black "Sonnis, Steve"]
[Result "1/2-1/2"]
[WhiteElo "1914"]
[BlackElo "1695"]
[PlyCount "86"]
[EventDate "2013.12.21"]
[EventType "swiss"]
[EventRounds "5"]
[EventCountry "ENG"]
[SourceTitle "EXT 2015"]
[Source "ChessBase"]
[SourceDate "2014.11.20"]
[SourceVersion "1"]
[SourceVersionDate "2014.11.20"]
[SourceQuality "1"]

1. d4 Nf6 2. Bg5 e6 3. e4 Be7 4. e5 Nd5 5. Bxe7 Qxe7 6. c4 Qb4+ 7. Qd2 Qxd2+ 8. Kxd2 Ne7 9. Nc3 a6 10. Rd1 Nbc6 11. Nf3 d5 12. exd6 cxd6 13. Ne4 d5 14. Nd6+ Kf8 15. c5 g6 16. Kc3 Rb8 17. b4 b5 18. Bd3 Kg7 19. h4 h6 20. a3 Bd7 21. Rhe1 Nc8 22. Nxc8 Bxc8 23. Re2 Re8 24. Rde1 Re7 25. Ne5 Nxe5 26. Rxe5 Bb7 27. f4 Rbe8 28. g4 Bc6 29. R5e2 Bd7 30. Rg2 Kh8 31. Rh1 Kg7 32. Rg3 f6 33. h5 g5 34. fxg5 fxg5 35. Bg6 Rf8 36. Re1 Be8 37. Bf5 Rf6 38. Rge3 Bd7 39. Re5 Kf8 40. R1e3 Kf7 41. Kd2 Kf8 42. Kc3 Kf7 43. Kb3 Bc6 1/2-1/2

[Event "Hampstead op U2200 11-A"]
[Site "Hampstead"]
[Date "2013.11.23"]
[Round "2"]
[White "Sonnis, Steve"]
[Black "Millward, David J"]
[Result "1/2-1/2"]
[WhiteElo "1686"]
[BlackElo "1921"]
[PlyCount "65"]
[EventDate "2013.11.23"]
[EventType "swiss"]
[EventRounds "5"]
[EventCountry "ENG"]
[SourceTitle "EXT 2015"]
[Source "ChessBase"]
[SourceDate "2014.11.20"]
[SourceVersion "1"]
[SourceVersionDate "2014.11.20"]
[SourceQuality "1"]

1. e4 d5 2. exd5 Qxd5 3. Nc3 Qd6 4. Nf3 Bg4 5. Be2 Nf6 6. d4 c6 7. Ne5 Bxe2 8. Nxe2 e6 9. Bf4 Qd8 10. 0-0 Nbd7 11. c3 Be7 12. Ng3 0-0 13. h4 Nd5 14. Nxd7 Qxd7 15. Bg5 h6 16. Bxe7 Qxe7 17. h5 Qh4 18. Qf3 Nf6 19. Rfe1 Rad8 20. Re5 Rd5 21. Rae1 Rfd8 22. a4 Rxe5 23. Rxe5 Rd5 24. Rxd5 cxd5 25. b4 Qg5 26. Qe3 Qg4 27. Qe5 Qd1+ 28. Nf1 Ne4 29. Qb8+ Kh7 30. Qxb7 Nxc3 31. Qxf7 Ne2+ 32. Kh2 Qxf1 33. Qg6+ 1/2-1/2

[Event "London Classic op 4th"]
[Site "London"]
[Date "2012.12.04"]
[Round "4"]
[White "Casiot, David J"]
[Black "Sonnis, Steve"]
[Result "1-0"]
[WhiteElo "1991"]
[BlackElo "1660"]
[PlyCount "83"]
[EventDate "2012.12.01"]
[EventType "swiss"]
[EventRounds "9"]
[EventCountry "ENG"]
[SourceTitle "CBM 151 Extra"]
[Source "ChessBase"]
[SourceDate "2012.12.18"]
[SourceVersion "1"]
[SourceVersionDate "2012.12.18"]
[SourceQuality "1"]

1. e4 e6 2. d4 d5 3. Nc3 dxe4 4. Nxe4 Nd7 5. Nf3 Ngf6 6. Bd3 Nxe4 7. Bxe4 Nf6 8. Bd3 Bd6 9. 0-0 h6 10. Re1 c6 11. c3 Qc7 12. Bd2 Ng4 13. h3 Bh2+ 14. Kf1 Nxf2 15. Kxf2 Bg3+ 16. Kg1 Bxe1 17. Qxe1 Qb6 18. b3 Bd7 19. Qg3 g5 20. Ne5 Rf8 21. Rf1 f5 22. Nc4 Qd8 23. Be2 f4 24. Bh5+ Ke7 25. Qd3 Be8 26. Bf3 b5 27. Ne5 Rc8 28. Qh7+ Bf7 29. Qxh6 Kd6 30. Qg7 Rc7 31. Nxf7+ Rcxf7 32. Qe5+ Kd7 33. Re1 Qf6 34. Qc5 Rc8 35. Qxa7+ Rc7 36. Qc5 Re7 37. Re5 Qg6 38. Re4 Rh7 39. Qe5 Rc8 40. c4 Ra8 41. Bb4 Rxa2 42. Qd6+ 1-0

[Event "London Classic op 4th"]
[Site "London"]
[Date "2012.12.02"]
[Round "2"]
[White "Stachanczyk, Jacek"]
[Black "Sonnis, Steve"]
[Result "1-0"]
[WhiteElo "2265"]
[BlackElo "1660"]
[PlyCount "69"]
[EventDate "2012.12.01"]
[EventType "swiss"]
[EventRounds "9"]
[EventCountry "ENG"]
[SourceTitle "CBM 151 Extra"]
[Source "ChessBase"]
[SourceDate "2012.12.18"]
[SourceVersion "1"]
[SourceVersionDate "2012.12.18"]
[SourceQuality "1"]

1. e4 e6 2. d4 d5 3. Nc3 dxe4 4. Nxe4 Nd7 5. Nf3 Ngf6 6. Bd3 Be7 7. Ng3 b6 8. 0-0 Bb7 9. Qe2 0-0 10. Ne5 c5 11. c3 Qc7 12. Kh1 Rfd8 13. f4 Nf8 14. Be3 g6 15. Rad1 Bd5 16. c4 Bb7 17. Bb1 Rac8 18. b3 Qb8 19. Qb2 Ne8 20. dxc5 Bxc5 21. Ng4 h5 22. Nxh5 Qa8 23. Nhf6+ Nxf6 24. Nxf6+ Kh8 25. Bxc5 bxc5 26. Ne8+ Rd4 27. Rxd4 Bxg2+ 28. Kg1 e5 29. Rd8 f6 30. Rxc8 Qxc8 31. Nxf6 Bxf1 32. Qxe5 Qb7 33. Nd5+ Kg8 34. Kxf1 Qh7 35. Nf6+ 1-0

[Event "London e2e4 Diamond Jubilee op-B"]
[Site "London"]
[Date "2012.06.04"]
[Round "4"]
[White "Sonnis, Steve"]
[Black "Steele, Beatrice"]
[Result "1/2-1/2"]
[WhiteElo "1661"]
[BlackElo "1542"]
[PlyCount "63"]
[EventDate "2012.06.02"]
[EventType "swiss"]
[EventRounds "7"]
[EventCountry "ENG"]
[SourceTitle "EXT 2014"]
[Source "ChessBase"]
[SourceDate "2013.11.20"]
[SourceVersion "1"]
[SourceVersionDate "2013.11.20"]
[SourceQuality "1"]

1. e4 c6 2. f4 d5 3. Nc3 e6 4. Nf3 Bb4 5. exd5 cxd5 6. Bb5+ Bd7 7. Bxd7+ Nxd7 8. Ne2 Bd6 9. d4 Ngf6 10. 0-0 0-0 11. Ng3 Qc7 12. Ne5 Rac8 13. c3 b5 14. Kh1 b4 15. Bd2 bxc3 16. Bxc3 Ne4 17. Nxe4 dxe4 18. Nxd7 Qxd7 19. Qe2 f5 20. Qe3 Qf7 21. a3 Qh5 22. g3 Be7 23. Rad1 Rfd8 24. Rfe1 Rd5 25. Rd2 g5 26. Red1 g4 27. Qe2 Rc6 28. h4 Bxa3 29. Ra1 Bf8 30. Rxa7 Qe8 31. Qd1 Rd7 32. Qa4 1/2-1/2

[Event "London e2e4 Diamond Jubilee op-B"]
[Site "London"]
[Date "2012.06.02"]
[Round "1"]
[White "Sanitt, Leo"]
[Black "Sonnis, Steve"]
[Result "0-1"]
[WhiteElo "1118"]
[BlackElo "1661"]
[PlyCount "52"]
[EventDate "2012.06.02"]
[EventType "swiss"]
[EventRounds "7"]
[EventCountry "ENG"]
[SourceTitle "EXT 2014"]
[Source "ChessBase"]
[SourceDate "2013.11.20"]
[SourceVersion "1"]
[SourceVersionDate "2013.11.20"]
[SourceQuality "1"]

1. e4 e6 2. d4 d5 3. e5 c5 4. c3 Nc6 5. Nf3 Qb6 6. Bd3 Bd7 7. Bc2 cxd4 8. cxd4 Nge7 9. 0-0 Nf5 10. Bxf5 exf5 11. Nc3 Be6 12. Na4 Qb5 13. Nd2 Nxd4 14. Nc3 Qd7 15. Nf3 Nc6 16. Bf4 h6 17. Re1 g5 18. Bc1 Bc5 19. Na4 Be7 20. Nc3 d4 21. Nb5 Rd8 22. Qd3 a6 23. Na3 Nb4 24. Qd2 Nxa2 25. Nc2 d3 26. Na3 Bb4 0-1